Catálogo
 En Linea

Memorias de una época : (Registro nro. 47013)

Detalles MARC
000 -CABECERA
campo de control de longitud fija 02091nam a2200325 i 4500
001 - NÚMERO DE CONTROL
campo de control 000047525
003 - IDENTIFICADOR DEL NÚMERO DE CONTROL
campo de control DO-SdBNP
005 - FECHA Y HORA DE LA ÚLTIMA TRANSACCIÓN
campo de control 20250529120233.0
007 - CAMPO FIJO DE DESCRIPCIÓN FÍSICA--INFORMACIÓN GENERAL
campo de control de longitud fija ta
008 - DATOS DE LONGITUD FIJA--INFORMACIÓN GENERAL
campo de control de longitud fija 180620s2008 dr 000 0 spa d
020 ## - NÚMERO INTERNACIONAL ESTÁNDAR DEL LIBRO
Número Internacional Estándar del Libro 9945130553
040 ## - FUENTE DE LA CATALOGACIÓN
Centro catalogador/agencia de origen DO-SdBNP
Lengua de catalogación spa
Centro/agencia transcriptor BNPHU
082 #4 - NÚMERO DE LA CLASIFICACIÓN DECIMAL DEWEY
Número de clasificación 305.7293
Número de documento/Ítem R696M
Número de edición 22
100 1# - ENTRADA PRINCIPAL--NOMBRE DE PERSONA
Nombre de persona Rodríguez Gautreau
9 (RLIN) 75138
245 10 - MENCIÓN DE TÍTULO
Título Memorias de una época :
Resto del título la sociedad dominicana del siglo XIX, vista a través de sus grupos sociales /
Mención de responsabilidad, etc. Fabio A. Rodríguez Gautreau.
264 ## - PRODUCCIÓN, PUBLICACIÓN, DISTRIBUCIÓN, FABRICACIÓN Y COPYRIGHT
Producción, publicación, distribución, fabricación y copyright Santo Domingo :
Nombre del de productor, editor, distribuidor, fabricante Mediabyte,
Fecha de producción, publicación, distribución, fabricación o copyright 2008.
300 ## - DESCRIPCIÓN FÍSICA
Extensión 248 páginas ;
Dimensiones 22 cm.
336 ## - TIPO DE CONTENIDO
Término de tipo de contenido texto
Código de tipo de contenido txt
Fuente rdacontent
337 ## - TIPO DE MEDIO
Fuente sin mediación
Nombre/término del tipo de medio n
Código del tipo de medio rdamedia
338 ## - TIPO DE SOPORTE
Nombre/término del tipo de soporte volumen
Código del tipo de soporte nc
Fuente rdacarrier
505 ## - NOTA DE CONTENIDO CON FORMATO
Nota de contenido con formato Prólogo --
Título Introducción --
-- Clases sociales dominicanas en el siglo XIX --
-- Familia Delgado Sánchez Prieto --
-- Familia Delgado Tejada --
-- Cotidianidad en el hogar --
-- Día de San Pedro y San Pablo --
-- Reconocimiento de la Reina de España a la labor científica y humanitaria del Dr. Don Pedro Delgado --
-- Familia Delgado Pommayrac --
-- Vecindario y amistades --
-- El carnaval del año 1859 --
-- Familia Gautreau Delgado --
-- Fricción y consecuencias --
-- De nuevo en Santo Domingo --
-- Peripecias y astucias de Don Pedro --
-- Intercesión --
-- Vida y obra del Dr. Alberto Gautreau Delgado --
-- Familia Bilini Hernández --
-- Familia Rodríguez --
-- Grupo Social Grandes propietarios del Este del país --
-- Familia Alfau --
-- Toma del Guaba --
-- Familias de Rivera-Soto y Febles Vallenilla--
-- Hato del Prado --
-- Familia Santana Familias --
-- Desgracia y muerte de Santana --
-- Dedicatorias --
-- Agradecimientos
590 ## - NOTA LOCAL (RLIN)
Nota local Inventariado, 2018/VM
650 #0 - PUNTO DE ACCESO ADICIONAL DE MATERIA--TÉRMINO DE MATERIA
Término de materia o nombre geográfico como elemento de entrada Clases sociales
Subdivisión geográfica República Dominicana
Subdivisión general Hsitoria
Subdivisión cronológica Siglo XIX
9 (RLIN) 1062
650 #4 - PUNTO DE ACCESO ADICIONAL DE MATERIA--TÉRMINO DE MATERIA
Término de materia o nombre geográfico como elemento de entrada Grupos sociales
Subdivisión geográfica República Dominicana
Subdivisión general Historia
Subdivisión cronológica Siglo XIX
9 (RLIN) 87905
651 #4 - PUNTO DE ACCESO ADICIONAL DE MATERIA--NOMBRE GEOGRÁFICO
Nombre geográfico República Dominicana
Subdivisión general Genealogía
9 (RLIN) 75139
651 #4 - PUNTO DE ACCESO ADICIONAL DE MATERIA--NOMBRE GEOGRÁFICO
Nombre geográfico República Dominicana
Subdivisión de forma Biografías
9 (RLIN) 1083
651 #4 - PUNTO DE ACCESO ADICIONAL DE MATERIA--NOMBRE GEOGRÁFICO
Nombre geográfico República Dominicana
-- Condiciones sociales
Subdivisión cronológica Siglo XIX
9 (RLIN) 75140
910 ## - DATOS DE OPCIÓN DEL USUARIO (OCLC)
Datos de opción del usuario Validado. Control de Calidad/ MAA
942 ## - ELEMENTOS DE PUNTO DE ACCESO ADICIONAL (KOHA)
Fuente del sistema de clasificación o colocación Dewey Decimal Classification
Tipo de ítem Koha Libro
Existencias
Estado de retiro Estado de pérdida Fuente del sistema de clasificación o colocación Restricciones de uso No para préstamo Código de colección Localización permanente Ubicación/localización actual Ubicación en estantería Fecha de adquisición Total de préstamos Signatura topográfica completa Código de barras Fecha visto por última vez Precio válido a partir de Tipo de ítem Koha
    Dewey Decimal Classification Excluido de préstamo   Patrimonio Dominicano Biblioteca Nacional Pedro Henríquez Ureña Biblioteca Nacional Pedro Henríquez Ureña Depósito 20.06.2018   BNPHU PD 305.7293 R696M 47525-10 25.06.2020 25.06.2020 Libro

Con tecnología Koha